00861nam a22002297a 4500003000500000005001700005008004100022010001000063011001000073035001100083040000900094100003500103245020100138260004400339300003400383502009800417650002000515650001200535650003500547650002500582650002400607CHAP20220329143504.0100127s2009 mx r 00010 spa d a97406 a98378 a109063 cCHAP1 aAguilera Luna, José Osvaldo.10aProducción, productividad, rentabilidad y empleo en el cultivo de nogal (Carya illinoensis) irrigado por bombeo en el sector ejidal en la Laguna de 1990 a 2006c/por José Osvaldo Aguilera Luna aBermejillo, Durango. :bEl autor,c2009 ax, 43 h. :bcuadros, gráfs. aTesis (Ing. Agr. Esp. en Zonas Aridas) -- UACH. Unidad Regional Universitaria de Zonas Aridas14aBombeoxCostos.14aEmpleo.14aNogalxCostos de producción.14aNogalxIrrigación.14aNogalxRendimiento.